Visión de Cuba /

שמור ב:
מידע ביבליוגרפי
מחבר ראשי: Salazar Gutiérrez, Alberto
מחברים אחרים: Pérez Galdos, Victor
פורמט: Texto
יצא לאור: La Habana: Editora Política
תגים: הוספת תג
אין תגיות, היה/י הראשונ/ה לתייג את הרשומה!

MARC

LEADER 00000 a a2200000 04500
001 25364
003
040
090 |a 181400  
100 |a Salazar Gutiérrez, Alberto  
245 |a Visión de Cuba /  |c Alberto Salazar Gutiérrez 
260 |a La Habana:   |b Editora Política  
300 |a 137 p.  
700 |a Pérez Galdos, Victor  
999 |c 16361  |d 16361